| 000 | 00632nam a22002057a 4500 | ||
|---|---|---|---|
| 999 |
_c9460 _d9460 |
||
| 003 | AR-CdUCM | ||
| 008 | 190328b ||||| |||| 00| 0 spa d | ||
| 020 | _a978-603-4016-40-8 | ||
| 040 |
_aMUNICIPALIDAD PROVINCIAL DEL CUSCO _cBIBLIOTECA MUNICIPAL DEL CUSCO |
||
| 082 |
_aPI-0062 / _bBRO / bol |
||
| 100 |
_aBrozon, M.B. _925646 |
||
| 245 | _aBolita / | ||
| 260 |
_aLima : _bSantillana, _bLoqueleo, _c2016. |
||
| 300 |
_a44 páginas ; _bilustraciones a color, _c19 cm. |
||
| 650 |
_aCuentos infantiles _914480 |
||
| 650 |
_aSiglo XX _98 |
||
| 700 |
_aGedovius, Gabriel (Ilustrador) _925647 |
||
| 942 |
_2ddc _cLIBROS |
||
| 945 | _araen | ||